Listening 2
Bìa sách ghi trường Đại học sư phạm Hà Nội.; Sách dành cho sinh viên năm nhất chuyên ngành tiếng Anh. Cùng bộ với cuốn listening 1. Sách gồm 12 bài học, Mỗi bài gồm hai phần nghe. Phần 1 cung cấp cho người học những đoạn hội thoại về các chủ...
Sparad:
| Huvudupphovsman: | |
|---|---|
| Materialtyp: | Bok |
| Språk: | Undetermined |
| Publicerad: |
H.
Đại học sư phạm
2009
|
| Ämnen: | |
| Länkar: | http://lrc.tdmu.edu.vn/opac/search/detail.asp?aID=2&ID=19736 |
| Taggar: |
Lägg till en tagg
Inga taggar, Lägg till första taggen!
|
| Thư viện lưu trữ: | Trung tâm Học liệu Trường Đại học Thủ Dầu Một |
|---|
| LEADER | 01150nam a2200205Ia 4500 | ||
|---|---|---|---|
| 001 | TDMU_19736 | ||
| 008 | 210410s9999 xx 000 0 und d | ||
| 082 | |a 428.3 | ||
| 090 | |b H407 | ||
| 100 | |a Hoàng, Giang Lam | ||
| 245 | 0 | |a Listening 2 | |
| 245 | 0 | |c Hoàng Giang Lam | |
| 260 | |a H. | ||
| 260 | |b Đại học sư phạm | ||
| 260 | |c 2009 | ||
| 300 | |a 105tr. | ||
| 520 | |a Bìa sách ghi trường Đại học sư phạm Hà Nội.; Sách dành cho sinh viên năm nhất chuyên ngành tiếng Anh. Cùng bộ với cuốn listening 1. Sách gồm 12 bài học, Mỗi bài gồm hai phần nghe. Phần 1 cung cấp cho người học những đoạn hội thoại về các chủ đề. Phần 2 người học sẽ luyện nghe một câu chuyện và hoàn thành các bài tập kèm theo. Cuối sách kèm theo hai bài kiểm tra mẫu. | ||
| 650 | |a Tiếng Anh |x Kỹ năng nghe |v Giáo trình | ||
| 856 | |u http://lrc.tdmu.edu.vn/opac/search/detail.asp?aID=2&ID=19736 | ||
| 980 | |a Trung tâm Học liệu Trường Đại học Thủ Dầu Một | ||